Instrumentos navideños en la canción catalana / C. Mallofré
Publicado:
San Jorge, núm. 98 - 99 (desembre 1976), pàg 62 - 64 :
Materias:
Nadal, Música de -- Catalunya
; Simbomba
; Pandereta I
; Castanyola
; Triangle
; Bandúrria
; Cascabell
; Flauta
MARC
| LEADER | 00000nam a2200000Ia 4500 | ||
|---|---|---|---|
| 001 | |||
| 008 | 160829s9999 xx 000 0 cat d | ||
| 100 | |a Mallofré, Consol |9 40293 | ||
| 245 | |a Instrumentos navideños en la canción catalana / C. Mallofré | ||
| 260 | |a San Jorge, núm. 98 - 99 (desembre 1976), pàg 62 - 64 | ||
| 650 | |a Nadal, Música de |x Catalunya |9 45519 | ||
| 650 | |a Simbomba |9 45520 | ||
| 650 | |a Pandereta I |9 45521 | ||
| 650 | |a Castanyola |9 45522 | ||
| 650 | |a Triangle |9 45523 | ||
| 650 | |a Bandúrria |9 45524 | ||
| 650 | |a Cascabell |9 45525 | ||
| 650 | |a Flauta |9 45526 | ||
| 901 | |a Arxiu | ||
| 942 | |n 1 | ||
| 952 | |0 0 |1 0 |4 0 |7 1 |9 52653 |a Arxiu |b Arxiu |d 2016-12-01 |l 0 |r 2016-12-01 00:00:00 |w 2016-12-01 |y ARXIU | ||
| 999 | |c 56502 |d 56502 | ||